000 00653nam a2200217Ia 4500
005 20250508163128.0
008 008 250505s9999 xx 000 0 eng d
020 _a0-15-520910-8
037 _aTextBook
040 _aFEDL
_beng
_cFEDL
041 _aeng
_2eng
084 _a371.26, NIT
_qFEDL
100 _aNitko Anthony J
_9774795
245 0 _aEducation tests and measurement : An introduction
260 _aNew York, USA
_bHarcourt Brace Jovanovich
_c1983
300 _axiii,674p
365 _aGBP
_b7.95
650 _aEducational Test; Measurment And Assesment
_9774796
942 _cTB
_h371.26, NIT
999 _c1381017
_d1381017